000 00257nam a22001097a 4500
999 _c4491
_d4491
008 250225b ||||| |||| 00| 0 eng d
020 _a9781846665585
082 _a823.914 HOP
100 _aHOPGOOD,SALLY
_eAUTHOR
245 _aCOCK-A-DOODLE BOO!
942 _2ddc